Financial globalization and the emerging market economies
Salvato in:
| Autore principale: | |
|---|---|
| Natura: | Libro |
| Lingua: | inglese |
| Pubblicazione: |
Abingdon
Routledge
2012
|
| Serie: | Routledge studies in the modern world economy
|
| Soggetti: | |
| Tags: |
Nessun Tag, puoi essere il primo ad aggiungerne!!
|
MARC
| LEADER | 00000nam a2200000 4500 | ||
|---|---|---|---|
| 001 | 0161294 | ||
| 005 | 20240312115644.3 | ||
| 020 | |a 978-0-415-64778-6 | ||
| 041 | 0 | |a eng | |
| 044 | |a GB | ||
| 245 | 1 | 0 | |a Financial globalization and the emerging market economies |c Dilip K. Das |
| 264 | 1 | |a Abingdon |b Routledge |c 2012 | |
| 300 | |a 203 s. | ||
| 490 | 1 | |a Routledge studies in the modern world economy | |
| 830 | 0 | |a Routledge studies in the modern world economy | |
| 610 | 2 | 0 | |a financie |
| 610 | 2 | 0 | |a globalizácia |
| 610 | 2 | 0 | |a globalizácia hospodárstva |
| 610 | 2 | 0 | |a krajiny rozvojové |
| 610 | 2 | 0 | |a krajiny tranzitívne |
| 610 | 2 | 0 | |a pohyb kapitálu |
| 610 | 2 | 0 | |a liberalizácia |
| 610 | 2 | 0 | |a financie medzinárodné |
| 610 | 2 | 0 | |a trh finančný |
| 100 | 1 | |a Das, Dilip K. | |